000 01839nam a22001457a 4500
080 _a09
090 _bМИР
100 _aМирончук Н. Р.
245 _aДомінантні риси культури в англомовній комунікації (на прикладі прислівївб приказок та загадок)
260 _aОстрог
_bКАФ
_c2012
300 _a73
520 _aВСТУП РОЗДІЛ 1. ТЕОРЕТИЧНІ АСПЕКТИ ДОСЛІДЖЕННЯ ПОНЯТТЯ КУЛЬТУРИ ТА ЇЇ ВЗАЄМОЗВЯЗОК З КОМУНІКАЦІЄЮ. 1.1 Визначення категорії культури 1.2 Комунікація як спосіб міжособистісної взаємодії 1.3 Міжкультурна комунікація як чинник діалогу культур 1.4 Мовна картина світу як обєкт дослідження лінгвокультурології та етнопсихолінгвістики РОЗДІЛ 2. ВІДОБРАЖЕННЯ ДОМІНАНТНИХ РИС КУЛЬТУРИ В АНГЛОМОВНІЙ КОМУНІКАЦІЇ НА ПРИКЛАДУ АНАЛІЗУ АНГЛОМОВНИХ ЗАГАДОКБ ПРИСЛВЇВ ТА ПРИКАЗОК 2.1 Домінантні риси англійської комунікативної поведінки 2.2 Відображення національно-культурних особливостей життя англійців у прислівях та приказках 2.3 Відображення категорії культури в англійських загадках ВИСНОВКИ СПИСОК ВИКОРИСТАНОЇ ЛІТЕРАТУРИ ДОДАТКИ
_0культура, комунікація
650 _aResearch Papers
999 _c284976
_d284976
942 _cBK